书目信息 |
| 题名: |
实用电工问答
|
|
| 作者: | 李燕生 主编 | |
| 分册: | ||
| 出版信息: | 北京 金盾出版社 1993.04 |
|
| 页数: | 446页 | |
| 开本: | 32开 | |
| 丛书名: | ||
| 单 册: | ||
| 中图分类: | TM0-44 | |
| 科图分类: | ||
| 主题词: | 电工技术 | |
| 电子资源: | ||
| ISBN: | 7-80022-590-9 | |
| 000 | 00544nam0 2200193 45 | |
| 001 | 0008020809 | |
| 005 | 20000802084307.2 | |
| 010 | @a7-80022-590-9@d13.50元 | |
| 100 | @a20000802d1993 km y0chiy0120 ea | |
| 101 | 0 | @achi |
| 105 | @a z 000yy | |
| 200 | 1 | @a实用电工问答@AShi Yong Dian Gong Wen Da@f李燕生主编@FLi Yan Sheng Zhu Bian |
| 210 | @a北京@c金盾出版社@d1993.04 | |
| 215 | @a446页@d32开 | |
| 606 | 0 | @a电工技术 |
| 690 | @aTM0-44@v3 | |
| 701 | 0 | @a李燕生@4主编 |
| 801 | @aCN@bPftUser@c20000802 | |
| 905 | @b86514-518@dTM0-44@eL799=3@f5 | |
| 实用电工问答/李燕生主编.-北京:金盾出版社,1993.04 |
| 446页;32开 |
| ISBN 7-80022-590-9:13.50元 |
| ● |
| 相关链接 |
|
|
|
正题名:实用电工问答
索取号:TM0-44/L799=3
 
预约/预借
| 序号 | 登录号 | 条形码 | 馆藏地/架位号 | 状态 | 备注 |
| 1 | 86514 | 200865144 | 自科二线504/504自科库 30排1列5层/ [索取号:TM0-44/L799=3] | 在馆 | |
| 2 | 86515 | 200865153 | 自科二线504/504自科库 10排1列2层/ [索取号:TM0-44/L799=3] | 在馆 | |
| 3 | 86516 | 200865162 | 自科二线504/504自科库 30排1列5层/ [索取号:TM0-44/L799=3] | 在馆 | |
| 4 | 86517 | 200865171 | 自科二线504/504自科库 10排4列3层/ [索取号:TM0-44/L799=3] | 在馆 | |
| 5 | 86518 | 200865180 | 自科二线504/504自科库 10排1列2层/ [索取号:TM0-44/L799=3] | 在馆 |